000 00425nam a22001697a 4500
005 20160613113655.0
008 160613b xxu||||| |||| 00| 0 eng d
020 _a978-81-89928-31-5
041 _aeng
082 _b7177
100 _aKhanna. O.P.
_91767
245 _aA text book of material science and metallurgy
260 _bDhapat Raj & Co
_c1999
300 _a58
650 _aDIPLOMA ENGINEERING
_9817
942 _cBK
999 _c2485
_d2484